000 00498ntaaa2200193 4500
003 01
005 20251027202447.0
008 0714s1973 ag 01
040 _aAR-BaBN
_bspa
_cAR-BaBN
_eaacr
_dRIC
082 _a266.09676 M36
100 _aMartin, Earl R.
_923514
245 _aMukoma of lion country
250 _a1 ed.
260 _aNashville :
_bConvention Press,
_cc1964
300 _a87 p.
500 _ahistoria misionera bautista en Africa Este
650 _aAfrica
_917522
942 _cBK
999 _c19627
_d19627